000 00425nam a2200157Ia 4500
008 210210b2005 xxu||||| |||| 00| 0 eng d
020 _a81 89557 08 4
082 _a376 BHAP
100 _aBHANDARI (Sarita).
245 _aProblems of womens education.
260 _aNew Delhi
_bArise Publishers and Distributors
_c2005
300 _av,256
650 _aWomen Woman Education
690 _aWomen Studies
906 _a061501
999 _c108237
_d108237